Countries that Produce Legacy Cigars - Statistics

General Stats
  • This quiz has been taken 34 times
  • The average score is 10 of 12
Answers on the Map
Answers color-coded by a green-red scale on the quiz's map according to % correct below.
 
Answer Stats
Continent Answer % Correct
South America Brazil
93%
North America Cuba
93%
North America United States
93%
North America Dominican Republic
87%
North America Nicaragua
87%
North America Honduras
83%
North America Mexico
80%
North America Ecuador
77%
South America Ecuador
77%
Africa Cameroon
67%
Asia Indonesia
67%
Africa Central African Republic
60%
No matching quizzes found
Score Distribution
Percent of People with Each Score
Percentile by Number Answered
Your Score History
You have not taken this quiz